Loading...
Alternative technology and the politics of technical change
| Main Author: | |
|---|---|
| Format: | Printed Book |
| Published: |
Fontana:
William Collins,
1974.
|
| LEADER | 00432nam a22001217a 4500 | ||
|---|---|---|---|
| 082 | |a 600 |b DIC/A | ||
| 100 | |a Dickson, David | ||
| 245 | |a Alternative technology and the politics of technical change | ||
| 260 | |a Fontana: |b William Collins, |c 1974. | ||
| 300 | |a 224p.: | ||
| 942 | |2 ddc |c BK | ||
| 999 | |c 149746 |d 149746 | ||
| 952 | |0 0 |1 0 |4 0 |6 600_000000000000000_DIC_A |7 0 |9 160014 |a MCJ |b MCJ |c ST1 |d 2012-04-21 |i C09 |l 0 |o 600 DIC/A |p MCJC09 |r 2014-06-21 |w 2014-06-21 |y BK | ||